000 01171cam a2200349 4500
999 _c23595
_d23595
001 vtls012085389
005 20240710091044.0
008 220131s2022 xo er 000 fdslo
020 _a9788055180632
_q(brožované)
040 _aTTKJF
_bslo
_cTTKJF
_dSNK
_erda
041 0 _aslo
044 _axo
_cSK
072 7 _a821.162.4-3
_xSlovenská próza
_2konspekt
072 7 _a82-93
_xLiteratúra pre deti a mládež (beletria)
_2konspekt
080 _a821.162.4-31
_22011
080 _a82-93-053.6
_22011
100 1 _aProtušová, Nina,
_d1995-
_4aut
_93943
245 1 0 _aNočný motýľ
_cNina Protušová
250 _aPrvé vydanie
264 1 _aBratislava
_bIkar, a.s. - Yoli
_c2022
300 _a366 strán
_c20 cm
336 _atext
_btxt
_2rdacontent
337 _abez média
_bn
_2rdamedia
338 _azväzok
_bnc
_2rdacarrier
500 _aObsahuje stručné biografické údaje o autorke na záložke prebalu publikácie
655 7 _aslovenské romány
_2SNKPH
_91694
655 7 _apublikácie pre mládež
_2SNKPH
_91593
655 7 _aSlovak fiction
_2SNKPHeng
_91695
655 7 _aJuvenile literature
_2SNKPHeng
_91594
958 _aLX
958 _aSK